000 00255nam a22001217a 4500
041 _aENG
100 _aYadav.K.S
245 _aWorkshop Technology -III
260 _aDelhi
_bVayu Education
_c2011
300 _a123
650 _aFMP
856 _uFMP ( 17 )
999 _c1399
_d1399